Özön

Elmentve itt :
Bibliográfiai részletek
Szerző: Németh Gyula
Dokumentumtípus: Cikk
Megjelent: 1931
Sorozat:Magyar nyelv : a Magyar Nyelvtudományi Társaság folyóirata
Kulcsszavak:Magyar nyelv - etimológia, Magyar nyelv - török jövevényszavak
Tárgyszavak:
Online Access:http://misc.bibl.u-szeged.hu/64036
LEADER 00783nab a2200229 i 4500
001 misc64036
005 20230426093938.0
008 230112s1931 hu o 0|| hun d
040 |a SZTE Miscellanea Repozitórium  |b hun 
041 |a hun 
100 1 |a Németh Gyula 
245 1 0 |a Özön  |h [elektronikus dokumentum] /  |c  Németh Gyula 
260 |c 1931 
300 |a 226-227  |c 30 cm 
300 |a [2] p.  |c 30 cm 
490 0 |a Magyar nyelv : a Magyar Nyelvtudományi Társaság folyóirata 
561 |a Németh Gyula hagyaték 
591 |a NOA 4203 
650 4 |a Bölcsészettudományok 
650 4 |a Nyelvek és irodalom 
695 |a Magyar nyelv - etimológia, Magyar nyelv - török jövevényszavak 
856 4 0 |u http://misc.bibl.u-szeged.hu/64036/1/4203_noa.pdf  |z Dokumentum-elérés